000 00425nam a2200181Ia 4500
008 090630s9999 xx 000 0 und d
082 _b28201
100 _aYardi M. R.
245 _aBhagavad Gita.
_cYardi M. R.
260 _bRairikar S. R.
_c2002
300 _a347
600 _aYardi M. R.
630 _aBhagavad Gita.
655 _aEnglish.
700 _aYardi M. R.
730 _aBhagavad Gita.
942 _cBOOK
999 _c280057
_d280057